Представление документа в формате MARC21

Поле Инд. ПП Название Значение
Тип записи a
Библиографический уровень b
001 Контрольный номер RU/IS/BASE/126885162
005 Дата корректировки 20210830144147.7
084 a Индекс другой классификации/Индекс ББК 60.541
100 1_ a Автор Вебер М.
245 10 a Заглавие Сословия и классы
c Ответственность перевод с немецкого А. Б. Рахманова
504 a Библиография Библиогр. ссылки. - Примеч.
650 04 a Основная рубрика социология
a Основная рубрика социология групп
653 0_ a Ключевые слова классовая борьба
a Ключевые слова сословия
a Ключевые слова социальные классы
700 12 a Автор Рахманов А. Б.
e Роль лиц Переводчик
773 18 t Заглавие источника Вестник Московского университета. Серия 18, Социология и политология
d Дата издания источника 2003
g Прочая информация № 4. - С. 141 - 148
w Контрольный № источника RU/IS/BASE/124899300
901 t Тип документа b